ბათუმის შოთა რუსთაველის სახელმწიფო უნივერსიტეტის ბიბლიოთეკა

Введение в теорию линеиного и выпуклого программирования (ბიბ.ჩანაწერი № 40466)

000 -LEADER
fixed length control field 00541nam a2200193Ia 4500
001 - CONTROL NUMBER
control field 7077
003 - CONTROL NUMBER IDENTIFIER
control field GE_BSU
008 - FIXED-LENGTH DATA ELEMENTS--GENERAL INFORMATION
fixed length control field 181216s||||||||xx |||||||||||||| ||und||
040 ## - CATALOGING SOURCE
Transcribing agency GE_BSU
080 ## - UNIVERSAL DECIMAL CLASSIFICATION NUMBER
Universal Decimal Classification number 519.85(075.8)
100 ## - MAIN ENTRY--PERSONAL NAME
Personal name Астафьев,Н.Н.
245 ## - TITLE STATEMENT
Title Введение в теорию линеиного и выпуклого программирования
245 ## - TITLE STATEMENT
Statement of responsibility, etc. Ред. В.А. Березнев
260 ## - PUBLICATION, DISTRIBUTION, ETC.
Place of publication, distribution, etc. Москва
260 ## - PUBLICATION, DISTRIBUTION, ETC.
Date of publication, distribution, etc. 1976
300 ## - PHYSICAL DESCRIPTION
Extent 191стр.
653 ## - INDEX TERM--UNCONTROLLED
Uncontrolled term Математика
942 ## - ADDED ENTRY ELEMENTS (KOHA)
Koha item type წიგნი
ეგზემპლარები
Withdrawn status Lost status Damaged status Not for loan Date acquired Barcode Date last seen Price effective from Koha item type
        2018-12-17 18063 2018-12-17 2018-12-17 წიგნი
        2018-12-17 17884 2018-12-17 2018-12-17 წიგნი